Microsoft word 2000 (Record no. 614)

MARC details
000 -LEADER
fixed length control field 00249nam a22001217a 4500
041 ## - LANGUAGE CODE
Language code of text/sound track or separate title ENG
100 ## - MAIN ENTRY--PERSONAL NAME
Personal name Chavan .S
245 ## - TITLE STATEMENT
Title Microsoft word 2000
260 ## - PUBLICATION, DISTRIBUTION, ETC. (IMPRINT)
Place of publication, distribution, etc Delhi
Name of publisher, distributor, etc Unicorn Book
Date of publication, distribution, etc 2000
300 ## - PHYSICAL DESCRIPTION
Extent 499
650 ## - SUBJECT ADDED ENTRY--TOPICAL TERM
Topical term or geographic name as entry element Computer
856 ## - ELECTRONIC LOCATION AND ACCESS
Uniform Resource Identifier Computer
Holdings
Withdrawn status Lost status Source of classification or shelving scheme Damaged status Not for loan Home library Current library Shelving location Date acquired Cost, normal purchase price Total Checkouts Barcode Date last seen Price effective from Koha item type
    Dewey Decimal Classification     College of Agricultural Engineering and Technology, Dapoli , Library College of Agricultural Engineering and Technology, Dapoli , Library Book Cart 31/08/2021 250.00   001121 31/08/2021 31/08/2021 Books

Contact Us: College of Agricultural Engineering and Technology, Dapoli, Dist.- Ratnagiri
Website: https://dbskkv.org Email: caetlibrary2015@gmail.com